Norma Chilena Oficial NCh 731 Of1998
Đã lưu trong:
| Nhiều tác giả của công ty: | , |
|---|---|
| Định dạng: | Sách |
| Ngôn ngữ: | Tiếng Tây Ban Nha |
| Được phát hành: |
Santiago
Instituto Nacional de Normalización
1998
|
| Phiên bản: | 1a. ed |
| Những chủ đề: | |
| Các nhãn: |
Thêm thẻ
Không có thẻ, Là người đầu tiên thẻ bản ghi này!
|
MARC
| LEADER | 00000nam a2200000 a 4500 | ||
|---|---|---|---|
| 001 | UCK5781 | ||
| 003 | CL-VaPUC | ||
| 008 | 050826e19980000CL |||||||||||||||||spa|d | ||
| 082 | 0 | 4 | |a 696.1 |b INS |2 21 |
| 110 | 2 | |a Instituto Nacional de Normalización |e author |9 494719 | |
| 710 | 2 | |a INN |e author |9 494720 | |
| 245 | 1 | 0 | |a Norma Chilena Oficial NCh 731 Of1998 |
| 246 | 1 | 0 | |a Agua - Llaves o válvulas de uso domiciliario - Especificaciones |
| 250 | |a 1a. ed | ||
| 300 | |a 11 p | ||
| 942 | |c BK | ||
| 945 | |d 20050826 00:00:00 |a cmena | ||
| 260 | |a Santiago |b Instituto Nacional de Normalización |c 1998 | ||
| 650 | 0 | |a Instalaciones sanitarias |9 258060 | |
| 650 | 0 | |a Abastecimiento de agua |9 260374 | |
| 650 | 0 | |a Válvulas |9 271523 | |
| 650 | 0 | |a Normalización |9 262666 | |
| 583 | |a last modification |c 20050826 00:00:00 |k Rodrigo Vera | ||
| 999 | |c 314244 |d 314242 | ||